00413nam a2200157Ia 4500003000900000008004100009020001800050040001600068080001300084100001900097245003400116260004000150300001300190650004100203650001100244IN-BaIIA211028s9999 xx 000 0 eng d a0-88275-149-2 cIIA Library a535bBRO aBrown, Earle B 0aModern opticscEarle B. Brown aNew YorkbReinhold Publishingc1965 av, 645p. aAstronomy and Astrophysics Thesaurus aOptics